|
|
|
|
| LEADER |
00000naa2a2200000 4500 |
| 001 |
681184 |
| 005 |
20250916112255.0 |
| 090 |
|
|
|a 681184
|
| 100 |
|
|
|a 20250807d2025 k||y0rusy50 ca
|
| 101 |
0 |
|
|a rus
|
| 102 |
|
|
|a RU
|
| 135 |
|
|
|a drbn ---uucaa
|
| 200 |
1 |
|
|a Построение событийно-ориентированной архитектуры в системе кредитного скоринга
|f Зарубин В. А.
|g науч. рук. Демин А. Ю.
|
| 320 |
|
|
|a Список использованных источников: 7 назв
|
| 330 |
|
|
|a В статье рассматривается построение событийно-ориентированной архитектуры для системы кредитного скоринга с использованием брокера сообщений Apache Kafka. Описаны преимущества этой архитектуры в контексте повышения масштабируемости, отказоустойчивости и минимизации задержек в передаче данных между микросервисами и моделями машинного обучения
|
| 336 |
|
|
|a Текстовый файл
|
| 463 |
|
1 |
|0 681090
|9 681090
|t Молодежь и современные информационные технологии
|o сборник трудов XXII Международной научно-практической конференции студентов, аспирантов и молодых ученых, 15–17 апреля 2025 г., Томск
|f под ред. А. С. Беляева
|c Томск
|d 2025
|n Изд-во ТПУ
|u conference_tpu-2025-C04.pdf
|v С. 477-480
|
| 545 |
1 |
|
|a Индустриальное и прикладное программное обеспечение
|
| 610 |
1 |
|
|a электронный ресурс
|
| 610 |
1 |
|
|a труды учёных ТПУ
|
| 610 |
1 |
|
|a событийно-ориентированная архитектура
|
| 610 |
1 |
|
|a микросервисы
|
| 610 |
1 |
|
|a брокер сообщений
|
| 610 |
1 |
|
|a высоконагруженные системы
|
| 700 |
|
1 |
|a Зарубин
|b В. А.
|
| 702 |
|
1 |
|a Дёмин
|b А. Ю.
|c специалист в области информатики и вычислительной техники
|c доцент Томского политехнического университета, кандидат технических наук
|f 1973-
|g Антон Юрьевич
|4 727
|
| 801 |
|
0 |
|a RU
|b 63413507
|c 20250807
|
| 850 |
|
|
|a 63413507
|
| 856 |
4 |
|
|u http://earchive.tpu.ru/handle/11683/132256
|z http://earchive.tpu.ru/handle/11683/132256
|
| 942 |
|
|
|c CF
|